00741nam a2200169 i 450000100060000000300090000600500170001500700030003200800410003511000640007624502070014026000480034730000210039561000770041670000540049385200240054742521ES-MaACL20251205142957.0t|030404s1891 sp ||||1| spa d2 aAsociación Nacional de Ingenieros Industriales (España)10aAsociación Nacional de Ingenieros Industriales / cmemoria leída ... por Pablo Cáceres de la Torre, barón de Yecla en la Junta general celebrada por la Asociación en día 31 de Enero de 1891. aMadrid : b[s.n.], c1891 (fImp. Colonial) a36 p. ; c23 cm.27aAsociación Nacional de Ingenieros Industriales (España)-vMemorias20 aCáceres de la Torre, Pablo, cbarón de Yecla aES-MaACLjT-532-F-1